[Event "Match"]
[Site "www.echecsemail.com"]
[Date "2015.02.09"]
[Round "1"]
[White "Wildtiger"]
[Black "Reanna"]
[WhiteElo "1219"]
[BlackElo "1710"]
[Result "0-1"]
[Round "1"]
1.e4 e5
2.Ng1f3 Nb8c6
3.Bf1b5 Ng8f6
4.O-O Bf8e7
5.Nb1c3 O-O
6.d3 d5
7.exd5 Nf6xd5
8.Bb5xc6 bxc6
9.Nf3xe5 Nd5xc3
10.bxc3 Bc8b7
11.Qd1f3 Qd8d6
12.Bc1f4 Qd6e6
13.Rf1e1 Be7f6
14.Ne5g6 Qe6f5
15.Ng6e5 Ra8d8
16.g4 Qf5c8
17.d4 c5
18.Qf3e3 Bf6xe5
19.Bf4xe5 Qc8xg4
20.Qe3g3 Qg4xg3
21.fxg3 cxd4
22.Be5xd4 a6
23.Ra1b1 Bb7d5
24.Re1e7 c6
25.Rb1b7 h5
26.Rb7a7 Bd5c4
27.a3 g6
28.Kf2 c5
29.Bd4e3 Rd8d6
30.Kg2 Bc4d5
31.Kf2 Rd6f6
32.Kg1 c4
33.Be3g5 Rf6f5
34.Bg5h6 Rf8d8
35.Re7e1 Rd8d6
36.Re1e8 Kh7
37.Bh6f4 Rd6b6
38.Ra7d7 Rb6b1
39.Kf2 Bd5c6
40.Rd7d8 Rb1b2
41.Ke2 Rb2xc2
42.Kd1 Bc6a4
43.Re8h8 Kg7
44.Bf4h6 Kf6
45.Rd8d6 Ke5
46.Bh6g7 Kxd6
47.Ke1 Rc2c1
48.Ke2 Rc1c2
49.Ke3 Rc2f2
50.Rh8d8 Kc7
51.Rd8d4 Rf2f3
52.Ke2 Rf3f2
53.Ke3 f6
54.Rd4xc4 Ba4c6
55.Bg7h6 Rf2xh2
56.g4 hxg4
57.Bh6f4 Rf5xf4
58.Rc4xf4 f5
59.Rf4f1 g3
60.Rf1g1 g2
61.Kf2 g5
62.Rg1xg2 Rh2xg2
{ resign }
0-1

[Event "Match"]
[Site "www.echecsemail.com"]
[Date "2015.02.09"]
[Round "1"]
[White "Apdash"]
[Black "Emmanuelasi"]
[WhiteElo "2110"]
[BlackElo "2100"]
[Result "0-1"]
[Round "1"]
1.e4 Nb8c6
2.d4 d6
3.c3 Ng8f6
4.Bf1d3 g6
5.Ng1e2 Bf8g7
6.Bc1g5 h6
7.Bg5h4 e5
8.O-O O-O
9.Qd1c2 g5
10.Bh4g3 Nf6h5
11.Nb1d2 Nh5xg3
12.hxg3 exd4
13.cxd4 Nc6xd4
14.Ne2xd4 Bg7xd4
15.Nd2f3 Bd4g7
16.Rf1e1 Rf8e8
17.Kh2 Bc8d7
18.Ra1c1 Bd7c6
19.b4 a6
20.a4 Re8e7
21.Qc2c4 Bc6xa4
22.Bd3b1 Qd8f8
23.Qc4d3 Bg7e5
24.Nf3xe5 dxe5
25.Bb1a2 Ra8d8
26.Qd3f3 Qf8g7
27.g4 Rd8d2
28.Re1e2 Rd2xe2
29.Qf3xe2 Qg7f6
30.g3 Re7d7
31.Kg1 c6
32.Qe2e3 Rd7d4
33.Rc1c4 Rd4d1
34.Kg2 Ba4b5
35.Rc4c1 Rd1d3
 { time }
0-1

[Event "Match"]
[Site "www.echecsemail.com"]
[Date "2015.02.09"]
[Round "1"]
[White "Whitekknight"]
[Black "E4player"]
[WhiteElo "1880"]
[BlackElo "1809"]
[Result "0-1"]
[Round "1"]
1.e4 d5
2.exd5 Ng8f6
3.c4 c6
4.dxc6 Nb8xc6
5.Nb1c3 e5
6.d3 Bf8c5
7.Ng1f3 Nf6g4
8.Nc3e4 Bc5b4
9.Bc1d2 f5
10.Ne4c3 Bb4c5
11.d4 Nc6xd4
12.Nf3xd4 Qd8xd4
13.Qd1e2 Qd4xf2
14.Qe2xf2 Ng4xf2
15.Nc3d5 Kf7
16.Bd2e3 Bc5xe3
17.Nd5xe3 Nf2xh1
18.Ne3d5 f4
19.Bf1e2 Rh8d8
20.O-O-O Nh1f2
21.Rd1f1 Nf2e4
22.Be2d3 Ne4f6
23.Nd5xf6 Kxf6
24.g3 Rd8xd3
{ resign }
0-1

[Event "Match"]
[Site "www.echecsemail.com"]
[Date "2015.02.09"]
[Round "1"]
[White "Cardiff"]
[Black "Comrade"]
[WhiteElo "2100"]
[BlackElo "2160"]
[Result "0-1"]
[Round "1"]
1.d4 d5
2.c4 dxc4
3.Ng1f3 e6
4.e3 Ng8f6
5.Bf1xc4 c5
6.O-O Nb8c6
7.Nb1c3 cxd4
8.exd4 Bf8e7
9.d5 exd5
10.Nc3xd5 Nf6xd5
11.Bc4xd5 Nc6b4
12.Bd5b3 O-O
13.a3 Nb4c6
14.Bc1e3 Bc8g4
15.Qd1e2 Rf8e8
16.Rf1d1 Qd8c7
17.Ra1c1 Be7g5
18.h3 Bg4h5
19.g4 Bg5xe3
20.fxe3 Qc7g3
21.Qe2g2 Qg3xg2
22.Kxg2 Re8xe3
23.gxh5 Re3xb3
24.Rc1c2 Ra8e8
25.Rd1e1 Re8xe1
26.Nf3xe1 h6
27.Ne1f3 Rb3b5
{ resign }
0-1

[Event "Match"]
[Site "www.echecsemail.com"]
[Date "2015.02.09"]
[Round "1"]
[White "Andychesston"]
[Black "Llord"]
[WhiteElo "1760"]
[BlackElo "1740"]
[Result "0-1"]
[Round "1"]
1.e4 e5
2.Ng1f3 Nb8c6
3.d4 exd4
4.Nf3xd4 Nc6xd4
5.Qd1xd4 d6
6.Nb1c3 c5
7.Qd4c4 Bc8e6
8.Nc3d5 Ng8e7
9.Qc4b5 Be6d7
10.Qb5xb7 Ne7xd5
11.exd5 Bf8e7
12.Bf1b5 Bd7xb5
13.Qb7xb5 Kf8
14.c4 a6
15.Qb5b3 Be7f6
16.Qb3f3 Ra8b8
17.Qf3a3 h6
18.O-O Bf6e5
19.Rf1e1 Qd8f6
20.Ra1b1 Be5d4
21.Re1e2 Rb8e8
22.Bc1e3 Bd4xe3
23.Re2xe3 Re8xe3
24.Qa3xe3 Kg8
25.h3 Kh7
26.b4 cxb4
27.Qe3a7 Qf6f5
28.Rb1xb4 Rh8e8
29.Rb4b7 Re8e1
30.Kh2 Qf5f4
31.g3 Qf4f3
32.Rb7xf7 Qf3h1

0-1

[Event "Match"]
[Site "www.echecsemail.com"]
[Date "2015.02.09"]
[Round "1"]
[White "Germancho95"]
[Black "Hurtadofredy"]
[WhiteElo "1620"]
[BlackElo "1459"]
[Result "1-0"]
[Round "1"]
1.e4 e6
2.Ng1f3 Bf8e7
3.Bf1b5 a6
4.Bb5a4 b5
5.Ba4b3 Bc8b7
6.O-O h6
7.Rf1e1 Be7f6
8.d3 a5
9.a3 a4
10.Bb3a2 c5
11.c3 d5
12.d4 Nb8a6
13.Nb1d2 cxd4
14.Nf3xd4 Qd8d7
15.Nd2f3 dxe4
16.Nf3d2 Bf6xd4
17.Nd2xe4 Bd4b6
18.Ne4d6 Ke7
19.Nd6f5 Kd8
20.Nf5d4 Bb6xd4
21.cxd4 Qd7c6
22.f3 Ke7
23.d5 Qc6c5
24.Bc1e3 Qc5xd5
25.Ba2xd5 { resign }
1-0

[Event "Match"]
[Site "www.echecsemail.com"]
[Date "2015.02.09"]
[Round "1"]
[White "Gimmyg"]
[Black "Drdoom"]
[WhiteElo "1729"]
[BlackElo "1760"]
[Result "1-0"]
[Round "1"]
1.d4 d5
2.Ng1f3 Nb8c6
3.e3 a6
4.a3 Ng8f6
5.Bf1d3 e6
6.Nb1d2 Bf8d6
7.c4 O-O
8.b4 b6
9.Qd1c2 g6
10.cxd5 Nc6e7
11.dxe6 Bc8xe6
12.e4 Ne7d5
13.exd5 Be6xd5
14.O-O Rf8e8
15.Bc1b2 Qd8c8
16.Nf3e5 Bd6xe5
17.dxe5 Nf6d7
18.Nd2e4 Qc8d8
19.f4 Bd5xe4
20.Bd3xe4 Ra8b8
21.Qc2c3 f6
22.Be4d5 Kf8
23.exf6 Nd7xf6
24.Qc3xf6 Qd8xf6
25.Bb2xf6 a5
26.Rf1c1 Rb8c8
27.Bd5b7 Re8e6
28.Bb7xc8 Re6xf6
29.bxa5 bxa5
30.Rc1xc7 Rf6xf4
31.Bc8e6 Rf4e4
32.Ra1f1 { resign }
1-0

[Event "Match"]
[Site "www.echecsemail.com"]
[Date "2015.02.09"]
[Round "1"]
[White "Mrmoto"]
[Black "Kjvh2004"]
[WhiteElo "1600"]
[BlackElo "1499"]
[Result "1-0"]
[Round "1"]
1.e4 e5
2.Ng1f3 Bf8e7
3.d4 Be7b4
4.c3 Bb4a5
5.Nf3xe5 f6
6.Ne5c4 b6
7.Nc4xa5 bxa5
8.a4 d6
9.Bc1f4 g5
10.Bf4e3 Qd8e7
11.Bf1d3 Ng8h6
12.Qd1h5 Kd7
13.Qh5xh6 g4
14.g3 Qe7e6
15.Qh6g7 Kc6
16.d5 Kb7
17.dxe6 Bc8xe6
18.Qg7xh8  { time }
1-0

[Event "Match"]
[Site "www.echecsemail.com"]
[Date "2015.02.09"]
[Round "1"]
[White "Yakke"]
[Black "Generalfree"]
[WhiteElo "1800"]
[BlackElo "1800"]
[Result "1/2-1/2"]
[Round "1"]
1.e4 e5
2.Ng1f3 Nb8c6
3.d4 exd4
4.Nf3xd4 Nc6xd4
5.Qd1xd4 d6
6.e5 c5
7.Qd4d5 Ng8e7
8.Bf1b5 Bc8d7
9.Qd5xb7 Bd7xb5
10.Qb7xb5 Qd8d7
11.Qb5xd7 Kxd7
12.exd6 Kxd6
13.O-O Ne7d5
14.Rf1d1 Kc6
{ draw }
1/2-1/2

[Event "Eq:CONFOEDERATIONIS HELVETICAE-Clubul Central de Sah : "]
[Site "www.chess-mail.com"]
[Date "2015.02.09"]
[Round "1"]
[White "Dorulristea"]
[Black "Jacks"]
[WhiteElo "2810"]
[BlackElo "2800"]
[Result "1-0"]
[Round "1"]
1.d4 d5
2.c4 c6
3.Ng1f3 Ng8f6
4.Nb1c3 e6
5.e3 Nb8d7
6.Bf1d3 dxc4
7.Bd3xc4 b5
8.Bc4d3 Bc8b7
9.O-O a6
10.e4 c5
11.d5 Qd8c7
12.Bd3c2 Bf8d6
13.dxe6 fxe6
14.Nf3g5 Nd7f8
15.f4 O-O-O
16.Qd1e1 e5
17.Nc3d5 Bb7xd5
18.exd5 exf4
19.Bc1d2 Rd8e8
20.Qe1f2 h6
21.Ng5e6 Nf8xe6
22.dxe6 Kb8
23.a4 b4
24.Qf2e2 g5
25.Bc2b3 Bd6e5
26.Bd2e1 Be5d4
27.Be1f2 Bd4xf2
28.Rf1xf2 Ka7
29.Ra1d1 Re8d8
30.Rf2f1 h5
31.Rd1xd8 Rh8xd8
32.h3 Nf6g8
33.Bb3c4 Rd8d4
34.b3 g4
35.hxg4 hxg4
36.Qe2xg4 Ng8e7
37.Rf1e1 a5
38.Qg4h5 Qc7b6
39.Qh5e5 Qb6c6
40.Kf1 Kb7
41.Kf2 Ka7
42.Kg1 Kb7
43.Bc4e2 Qc6c7
44.Qe5h5 Rd4d8
45.Qh5f3 Ka7
46.Be2c4 Rd8d4
47.Qf3h5 Qc7c6
48.Qh5e5 Kb7
49.Bc4e2 Qc6c7
50.Be2f3 Kb6
51.Qe5h5 Rd4d8
52.Kf1 Ka7
53.Re1c1 Kb6
54.Qh5h7 Rd8d4
55.Qh7h8 Rd4d8
56.Qh8h5 Qc7d6
57.Rc1d1 Qd6c7
58.Rd1xd8 Qc7xd8
59.Qh5e5 Qd8c7
60.Qe5e4 Ne7c6
61.Kf2 Nc6e5
62.Ke2 Ne5c6
63.Kf1 Nc6e5
64.Qe4e2 c4
65.bxc4 b3
66.Bf3d5 Kc5
67.Qe2f2 Kb4
68.c5 Ne5g4
69.Qf2d2 Kxa4
70.e7 Ng4h2
71.Kg1 Qc7xc5
72.Kxh2 Qc5xe7
73.Bd5c6 Ka3
74.Qd2xa5 Kb2
75.Qa5d2 Ka3
76.Qd2xf4 Qe7c5
77.Qf4a4 Kb2
78.Qa4e4 Ka3
79.Bc6d5 Qc5c7
80.g3 Qc7c2
81.Kh3 Qc2c8
82.Qe4e6 Qc8h8
83.Kg2 Qh8b2
84.Kf3 Qb2c3
85.Qe6e3 Qc3f6
86.Ke2 Qf6a6
87.Qe3d3 { resign }
1-0

[Event "Eq:chibcha-CONFOEDERATIONIS HELVETICAE : "]
[Site "www.chess-mail.com"]
[Date "2015.02.09"]
[Round "1"]
[White "Karlgrocer"]
[Black "Agmac"]
[WhiteElo "1970"]
[BlackElo "2560"]
[Result "0-1"]
[Round "1"]
1.Ng1f3 d5
2.d4 Ng8f6
3.e3 c5
4.c3 e6
5.Bf1e2 Bf8d6
6.O-O O-O
7.a3 Nb8d7
8.b4 c4
9.Nb1d2 Qd8c7
10.h3 e5
11.dxe5 Nd7xe5
12.Bc1b2 Ne5xf3
13.Be2xf3 Rf8e8
14.Rf1e1 Bc8f5
15.Nd2f1 Ra8d8
16.Qd1c1 Re8e6
17.Qc1d2 Bf5d3
18.Bf3e2 Nf6e4
19.Be2xd3 Ne4xd2
20.Nf1xd2 cxd3
{ resign }
0-1

[Event "Tourn. n7918"]
[Site "www.chess-mail.com"]
[Date "2015.02.10"]
[Round "1"]
[White "Kozakliuty"]
[Black "Tomcapp"]
[WhiteElo "1500"]
[BlackElo "1450"]
[Result "1-0"]
[Round "1"]
1.e3 e5
2.b3 d5
3.Bc1b2 Bf8d6
4.d4 exd4
5.exd4 Ng8f6
6.Ng1f3 Bc8g4
7.Bf1e2 Qd8e7
8.O-O Nb8c6
9.Rf1e1 O-O
10.h3 Bg4xf3
11.Be2xf3 Qe7d7
12.Nb1d2 a5
13.c3 b5
14.Nd2f1 b4
15.c4 dxc4
16.d5 Nc6e5
17.Bb2xe5 Bd6xe5
18.Re1xe5 cxb3
19.axb3 Ra8d8
20.Ra1xa5 Rf8e8
21.Qd1d4 c6
22.Re5xe8 Qd7xe8
23.d6 c5
24.Qd4xc5 Nf6d7
25.Qc5c7 g6
26.Bf3c6 h5
27.Ra5a7 Nd7e5
28.Bc6xe8 Rd8xe8
29.f4 Ne5d3
30.Qc7xf7 Kh8
31.Qf7h7 
1-0

[Event "Tourn. n7923"]
[Site "www.chess-mail.com"]
[Date "2015.02.10"]
[Round "1"]
[White "Hugol"]
[Black "Fabos12"]
[WhiteElo "1900"]
[BlackElo "1810"]
[Result "1-0"]
[Round "1"]
1.e4 g6
2.d4 Bf8g7
3.Ng1f3 c5
4.Nb1c3 Qd8c7
5.Bc1e3 cxd4
6.Nf3xd4 Ng8f6
7.Bf1d3 h5
8.O-O d6
9.h3 Nb8c6
10.Bd3b5 a6
11.Bb5a4 b5
12.Ba4b3 Bc8b7
13.Nc3d5 Nf6xd5
14.Bb3xd5 Nc6e5
15.Bd5xb7 Qc7xb7
16.f3 Ne5c4
17.Be3c1 Bg7h6
18.b3 Nc4e3
19.Bc1xe3 Bh6xe3
20.Kh1 Ra8c8
21.Qd1d3 Be3f4
22.Nd4e2 Bf4h6
23.Qd3d4 f6
24.c3 g5
25.Ne2g3 g4
26.Ng3f5 gxh3
27.gxh3 Bh6f4
28.Rf1g1 Bf4e5
29.Nf5g7 Kd7
30.Qd4f2 Rc8xc3
31.Ng7f5 Be5f4
32.Rg1g7 Rh8e8
33.Ra1d1 Qb7c8
34.Qf2d4 Rc3xf3
35.Nf5xd6 Qc8b8
36.Nd6xe8 Kxe8
37.Qd4d7 { resign }
1-0

[Event "Tourn. n7956"]
[Site "www.chess-mail.com"]
[Date "2015.02.10"]
[Round "1"]
[White "Picifarkinca"]
[Black "Krasin"]
[WhiteElo "2000"]
[BlackElo "2240"]
[Result "1-0"]
[Round "1"]
1.Ng1f3 h6
2.d4 g5
3.e4 Bf8g7
4.Bf1c4 d6
5.Nb1c3 Nb8c6
6.Bc1e3 Bc8g4
7.Bc4e2 e5
8.d5 Bg4xf3
9.Be2xf3 Nc6d4
10.Qd1d3 Nd4xf3
11.gxf3 Ng8e7
12.O-O-O Ne7g6
13.Qd3b5 Qd8d7
14.Qb5xb7 O-O
15.Qb7b5 Qd7e7
16.Rh1g1 Ng6h4
17.Qb5e2 Rf8b8
18.Nc3b5 a6
19.Nb5a7 Rb8b7
20.Na7c6 Qe7f6
21.Rg1g3 Nh4g6
22.Rd1g1 Ng6f4
23.Qe2d1 Nf4h5
24.Rg3g4 Kf8
25.h4 gxh4
26.f4 exf4
27.Be3d4 { resign }
1-0

[Event "Tourn. n8036"]
[Site "www.chess-mail.com"]
[Date "2015.02.10"]
[Round "1"]
[White "Groz"]
[Black "Goga"]
[WhiteElo "1809"]
[BlackElo "1980"]
[Result "1/2-1/2"]
[Round "1"]
1.d4 Ng8f6
2.c4 g6
3.Nb1c3 d5
4.Ng1f3 Bf8g7
5.Bc1f4 Bc8g4
6.e3 c6
7.Ra1c1 Nb8d7
8.h3 Bg4f5
9.Bf1d3 Bf5xd3
10.Qd1xd3 O-O
11.O-O Ra8c8
12.cxd5 Nf6xd5
13.Nc3xd5 cxd5
14.Rc1c2 Rc8c6
15.Rf1c1 Qd8b6
16.Rc2xc6 bxc6
17.Qd3a3 e6
18.b3 Rf8c8
19.Qa3e7 Qb6d8
20.Qe7xd8 Rc8xd8
21.Rc1xc6 Bg7f8
22.Rc6c7 a5
23.Nf3e5 Nd7xe5
24.Bf4xe5 Rd8a8
25.Be5f6 Bf8g7
26.Bf6xg7 Kxg7
27.Kf1 a4
28.b4 a3
29.b5 Ra8a4
30.b6 Ra4b4
31.Rc7a7 Rb4b1
32.Ke2 Rb1b2
33.Kf3 Rb2xa2
34.b7 { draw }
1/2-1/2

[Event "Tourn. n7972"]
[Site "www.chess-mail.com"]
[Date "2015.02.10"]
[Round "1"]
[White "Geretree"]
[Black "Generalfree"]
[WhiteElo "1880"]
[BlackElo "1840"]
[Result "0-1"]
[Round "1"]
1.e4 e5
2.Ng1f3 Nb8c6
3.Nb1c3 Ng8f6
4.Bf1c4 h6
5.d4 Nc6xd4
6.Nf3xd4 exd4
7.Qd1xd4 d6
8.e5 dxe5
9.Qd4xd8 Kxd8
10.Bc4xf7 b6
11.Bc1e3 c6
12.O-O-O Bc8d7
13.Rh1e1 Bf8b4
14.h3 Bb4xc3
15.bxc3 Ke7
16.Bf7g6 Nf6d5
17.Be3d4 Kf6
18.c4 exd4
19.cxd5 Kxg6
20.d6 c5
21.g4 Ra8d8
22.Re1e7 a5
23.f4 Bd7c8
24.Re7e6 Bc8xe6
25.f5 Be6xf5
{ resign }
0-1

[Event "Tourn. n7970"]
[Site "www.chess-mail.com"]
[Date "2015.02.10"]
[Round "1"]
[White "Scasan55"]
[Black "Bojan"]
[WhiteElo "1900"]
[BlackElo "1940"]
[Result "1/2-1/2"]
[Round "1"]
1.e4 e5
2.Ng1f3 d6
3.Bf1c4 h6
4.h3 Ng8f6
5.Nb1c3 c6
6.O-O Nf6h7
7.d4 Qd8f6
8.dxe5 dxe5
9.Rf1e1 Bf8c5
10.Bc1e3 Nb8d7
11.Nc3a4 Bc5d6
12.Na4c3 Nd7b6
13.Be3xb6 axb6
14.Qd1d3 O-O
15.a3 Rf8d8
16.Ra1d1 Bd6e7
17.Qd3e3 Be7c5
18.Qe3e2 Bc8d7
19.Rd1d2 Bc5e7
20.Re1d1 Bd7e6
21.Rd2xd8 Ra8xd8
22.Rd1xd8 Be7xd8
23.Qe2d3 Bd8e7
24.Bc4xe6 Qf6xe6
25.b4 b5
26.Qd3e3 Nh7g5
27.Nf3xg5 Be7xg5
28.Qe3d3 Qe6e7
29.g3 Bg5c1
30.Nc3e2 Bc1b2
31.Qd3b3 Bb2d4
{ draw }
1/2-1/2

[Event "Tourn. n8034"]
[Site "www.chess-mail.com"]
[Date "2015.02.10"]
[Round "1"]
[White "Guidom"]
[Black "Ff333"]
[WhiteElo "2050"]
[BlackElo "2040"]
[Result "1-0"]
[Round "1"]
1.e4 e5
2.Ng1f3 Nb8c6
3.Bf1b5 d6
4.O-O a6
5.Bb5a4 b5
6.Ba4b3 h6
7.c3 Ng8f6
8.d4 Bf8e7
9.dxe5 dxe5
10.Qd1e2 O-O
11.Rf1d1 Be7d6
12.Bb3d5 Nf6xd5
13.Rd1xd5 Bc8e6
14.Rd5d1 Qd8f6
15.Bc1e3 Qf6g6
16.Nf3h4 Qg6xe4
17.Nh4f3 Qe4g6
18.Nb1d2 Bd6e7
19.Kh1 e4
20.Nf3d4 Be6d7
21.Nd2b3 Bd7h3
22.gxh3 Nc6e5
23.Rd1g1 Qg6f6
24.Rg1g3 Be7d6
25.f4 Ne5d3
26.Ra1f1 Qf6h4
27.Rg3xg7 Kh8
28.Qe2g4 Qh4xg4
29.Rg7xg4 Nd3xb2
30.Nd4f5 Nb2c4
31.Be3d4 f6
32.Rg4g6 Rf8f7
33.Rg6xh6 Rf7h7
34.Bd4xf6 Kg8
35.Rf1g1 { resign }
1-0

[Event "Tourn. n7862"]
[Site "www.chess-mail.com"]
[Date "2015.02.10"]
[Round "1"]
[White "Szustan"]
[Black "Manolinex"]
[WhiteElo "2600"]
[BlackElo "2690"]
[Result "0-1"]
[Round "1"]
1.e4 e5
2.Ng1f3 Nb8c6
3.Nb1c3 Ng8f6
4.d4 exd4
5.Nc3d5 Nc6b4
6.Nd5xf6 Qd8xf6
7.Bf1c4 Bf8c5
8.O-O d6
9.a3 Nb4c6
10.b4 Bc5b6
11.b5 Nc6e5
12.Nf3xe5 dxe5
13.f4 Bc8e6
14.Bc4d3 Bb6a5
15.f5 Be6d7
16.Qd1h5 h6
17.a4 c6
18.Bc1a3 O-O-O
19.Bd3c4 Kb8
20.Qh5xf7 Qf6xf7
21.Bc4xf7 cxb5
22.f6 gxf6
23.axb5 Bd7xb5
24.Rf1xf6 Ba5b6
25.Ba3e7 Bb5c6
26.Be7xd8 Bb6xd8
27.Rf6xc6 bxc6
28.Bf7e6 a5
29.Kf2 Kc7
30.Ke2 Kd6
31.Be6b3 h5
32.Kd3 Rh8f8
33.c3 dxc3
34.Kxc3 Bd8b6
35.Ra1a2 h4
36.Bb3d1 Rf8f1
37.Kc2 Kc5
38.Bd1g4 Rf1f2
39.Kb3 Rf2xa2
40.Kxa2 Kd4
41.Bg4d7 c5
42.g3 Kxe4
43.g4 Kf4
44.Kb3 e4
45.Kc2 e3
46.Kd1 c4
{ resign }
0-1

[Event "Tourn. n8022"]
[Site "www.chess-mail.com"]
[Date "2015.02.10"]
[Round "1"]
[White "4knights"]
[Black "Hrob71"]
[WhiteElo "1499"]
[BlackElo "1499"]
[Result "0-1"]
[Round "1"]
1.d4 Ng8f6
2.c4 e5
3.dxe5 Nf6g4
4.Bc1f4 Bf8b4
5.Nb1d2 d6
6.Ng1f3 Qd8e7
7.exd6 cxd6
8.e3 Nb8c6
9.a3 Bb4a5
10.Bf1e2 O-O
11.O-O Ng4e5
12.Qd1c2 Bc8g4
13.Ra1d1 Ba5xd2
14.Rd1xd2 Bg4xf3
15.Be2xf3 Ne5xf3
16.gxf3 Nc6e5
17.Bf4xe5 dxe5
18.Qc2e4 f5
19.Qe4d5 Kh8
20.Qd5d7 Qe7g5
21.Kh1 Ra8d8
22.Rf1g1 Rd8xd7
23.Rg1xg5 Rd7xd2
{ resign }
0-1

[Event "Tourn. n7888"]
[Site "www.chess-mail.com"]
[Date "2015.02.10"]
[Round "1"]
[White "Hugol"]
[Black "Picifarkinca"]
[WhiteElo "1810"]
[BlackElo "1910"]
[Result "0-1"]
[Round "1"]
1.e4 e5
2.Ng1f3 Nb8c6
3.Bf1c4 Ng8f6
4.Nb1c3 Bf8c5
5.O-O d6
6.d3 O-O
7.Bc1g5 h6
8.Bg5h4 Nc6a5
9.Bc4b3 Na5xb3
10.axb3 a6
11.Nc3d5 g5
12.Nd5xf6 Qd8xf6
13.Bh4g3 Bc8g4
14.h3 Bg4xf3
15.Qd1xf3 Qf6xf3
16.gxf3 f5
17.c3 f4
18.Bg3h2 c6
19.b4 Bc5b6
20.Rf1d1 c5
21.bxc5 Bb6xc5
22.d4 Bc5b6
23.dxe5 dxe5
24.Rd1d6 Bb6c7
25.Rd6xh6 Kg7
26.Rh6e6 Ra8e8
27.Re6xe8 Rf8xe8
28.Ra1d1 Re8d8
29.Rd1d5 Rd8xd5
30.exd5 b5
31.Kf1 a5
32.Ke2 Bc7d6
33.Kd3 a4
34.Ke4 Kf6
35.Bh2g1 Bd6c5
36.Kd3 Kf5
37.Kd2 e4
38.fxe4 Kxe4
39.Ke2 f3
40.Kd2 Bc5d6
41.Kc2 Kxd5
42.Kd3 Bd6f4
43.Kc2 Kc4
{ resign }
0-1

[Event "Tourn. n8041"]
[Site "www.chess-mail.com"]
[Date "2015.02.10"]
[Round "1"]
[White "Gorgo"]
[Black "Hrob71"]
[WhiteElo "1599"]
[BlackElo "1819"]
[Result "1-0"]
[Round "1"]
1.d4 Ng8f6
2.c4 c5
3.d5 b5
4.cxb5 a6
5.bxa6 g6
6.Nb1c3 Bc8xa6
7.e4 Ba6xf1
8.Kxf1 d6
9.g3 Bf8g7
10.Ng1f3 O-O
11.Kg2 Nb8d7
12.Rh1e1 Qd8b6
13.h3 Rf8b8
14.Qd1d3 h6
15.Ra1b1 Qb6c7
16.b3 Nf6h7
17.Bc1d2 Nd7e5
18.Nf3xe5 dxe5
19.Rb1c1 Nh7f8
20.Nc3a4 Nf8d7
21.Bd2e3 Rb8c8
22.Be3xc5 Nd7xc5
23.Rc1xc5 Qc7b7
24.Re1c1 Rc8xc5
25.Na4xc5 Qb7b4
26.a4 Ra8a5
27.Qd3c3 Qb4xc3
28.Rc1xc3 f5
29.b4 Ra5a7
30.b5 { resign }
1-0

[Event "Tourn. n8046"]
[Site "www.chess-mail.com"]
[Date "2015.02.10"]
[Round "1"]
[White "Amaya"]
[Black "E4player"]
[WhiteElo "1900"]
[BlackElo "1809"]
[Result "0-1"]
[Round "1"]
1.d4 Ng8f6
2.e3 c5
3.c3 e6
4.f4 b6
5.Bf1d3 Bc8b7
6.Ng1f3 Bf8e7
7.Nb1d2 Qd8c7
8.O-O Nb8c6
9.a3 O-O
10.Nf3e5 d6
11.Ne5f3 h6
12.Qd1e1 d5
13.Nf3e5 Nc6xe5
14.fxe5 Nf6e4
15.Qe1e2 f5
16.exf6 Ne4xf6
17.e4 Nf6xe4
18.Rf1xf8 Ra8xf8
19.Nd2xe4 dxe4
20.Bd3xe4 Bb7xe4
21.Qe2xe4 cxd4
22.Qe4xe6 Kh8
23.cxd4 Qc7c2
24.Bc1e3 Qc2xb2
25.Ra1f1 Qb2xa3
26.Rf1xf8 Be7xf8
27.Qe6e5 Qa3e7
28.Qe5g3 a5
29.Be3f4 a4
30.Bf4e5 a3
31.d5 Qe7c5
32.Kf1 Qc5xd5
33.Be5xg7 Bf8xg7
34.Qg3xa3 b5
35.Qa3a6 b4
36.Qa6c8 Kh7
37.Qc8c2 Kg8
38.Qc2c8 Bg7f8
39.Qc8g4 Kh7
40.Qg4e2 b3
41.Qe2a6 b2
{ resign }
0-1

[Event "Tourn. n7998"]
[Site "www.chess-mail.com"]
[Date "2015.02.10"]
[Round "1"]
[White "Forest"]
[Black "Drdoom"]
[WhiteElo "1630"]
[BlackElo "1740"]
[Result "0-1"]
[Round "1"]
1.d4 e6
2.e4 d5
3.exd5 exd5
4.Ng1f3 a6
5.c4 h6
6.cxd5 Qd8xd5
7.Nb1c3 Qd5d8
8.Bf1c4 Bf8d6
9.O-O Ng8f6
10.Rf1e1 Bd6e7
11.Nf3e5 O-O
12.Ne5g6 Rf8e8
13.Ng6xe7 Re8xe7
14.Re1xe7 Qd8xe7
15.Bc1f4 b5
 { time }
0-1

[Event "Tourn. n7884"]
[Site "www.chess-mail.com"]
[Date "2015.02.10"]
[Round "1"]
[White "Johnmcbride"]
[Black "Bojan"]
[WhiteElo "1800"]
[BlackElo "2080"]
[Result "0-1"]
[Round "1"]
1.e4 e5
2.Ng1f3 d6
3.d3 Qd8f6
4.Bc1e3 h6
5.Nb1c3 c6
6.Bf1e2 Bc8e6
7.Qd1d2 Qf6d8
8.h3 Nb8d7
9.a3 Ng8f6
10.g4 Nf6h7
11.Nf3h4 Qd8xh4
12.O-O-O Bf8e7
13.f3 Be7g5
14.Be3xg5 Nh7xg5
15.Rh1h2 Qh4g3
16.Rd1h1 Ng5xf3
17.Be2xf3 Qg3xf3
18.Qd2e1 Qf3f4
19.Kb1 Qf4f6
20.Rh2f2 Qf6e7
21.Rh1f1 f6
22.Rf2f3 d5
23.exd5 cxd5
24.Nc3b5 Nd7b6
25.d4 e4
26.Rf3c3 Nb6c4
27.Kc1 a6
28.b3 axb5
29.bxc4 bxc4
30.Kd2 O-O
31.Qe1a1 Ra8a4
32.Qa1b2 Rf8a8
33.Rf1a1 Ra8a7
34.Ke3 f5
35.Ra1g1 Ra4xa3
36.Rc3xa3 Ra7xa3
37.Ke2 Ra3xh3
38.Qb2b6 Rh3h2
39.Kd1 fxg4
40.Rg1g3 h5
41.Rg3a3 Rh2f2
42.Ra3a8 Kh7
43.Qb6d8 Qe7xd8
44.Ra8xd8 g3
45.Ke1 Rf2xc2
46.Kf1 h4
{ resign }
0-1

[Event "Match"]
[Site "www.echecsemail.com"]
[Date "2015.02.10"]
[Round "1"]
[White "Apoorva"]
[Black "Comrade"]
[WhiteElo "2150"]
[BlackElo "2160"]
[Result "0-1"]
[Round "1"]
1.d4 d5
2.Ng1f3 Ng8f6
3.c4 dxc4
4.Nb1c3 e6
5.a3 a6
6.e4 b5
7.Bf1e2 Bc8b7
8.Bc1g5 Bf8e7
9.Bg5xf6 Be7xf6
10.O-O O-O
11.Qd1c2 Bf6xd4
12.Ra1d1 c5
13.Rd1d2 Nb8c6
14.Kh1 Qd8c7
15.Be2d1 Ra8d8
16.Nc3e2 e5
17.b3 Nc6a5
18.Qc2b1 c3
19.Rd2c2 Bb7xe4
20.b4 Na5c4
21.bxc5 Nc4xa3
 { time }
0-1

[Event "Match"]
[Site "www.echecsemail.com"]
[Date "2015.02.10"]
[Round "1"]
[White "Capitaine"]
[Black "Apoorva"]
[WhiteElo "2330"]
[BlackElo "2130"]
[Result "1-0"]
[Round "1"]
1.d4 d5
2.Ng1f3 Ng8f6
3.h3 Nb8c6
4.Bc1f4 e6
5.e3 Bf8e7
6.c4 Nf6e4
7.Nb1c3 a6
8.Bf1d3 f5
9.Nf3e5 Nc6xe5
10.Bf4xe5 Be7f6
11.Be5f4 O-O
12.O-O c6
13.Ra1c1 g5
14.Bf4h2 Rf8f7
15.c5 b5
16.cxb6 Qd8xb6
17.Nc3a4 Qb6a5
18.f3 Ne4d2
19.Rf1f2 Nd2c4
20.Bd3xc4 dxc4
21.Rc1xc4 Bc8d7
22.Rc4c5 Qa5b4
23.Bh2d6 Qb4b7
24.Rf2c2 Bf6e7
25.Bd6xe7 Rf7xe7
26.Rc5c3 Ra8c8
27.Na4c5 Qb7c7
28.Nc5xa6 Qc7a5
29.Rc3a3 Qa5b6
30.Na6c5 Bd7e8
31.Qd1d3 Be8g6
32.Qd3a6  { time }
1-0

[Event "Match"]
[Site "www.echecsemail.com"]
[Date "2015.02.10"]
[Round "1"]
[White "Apdash"]
[Black "Calponas"]
[WhiteElo "2140"]
[BlackElo "2080"]
[Result "0-1"]
[Round "1"]
1.d4 Ng8f6
2.c4 g6
3.Nb1c3 d6
4.e4 Bf8g7
5.Bf1d3 Nb8c6
6.Ng1e2 e5
7.d5 Nc6e7
8.O-O Nf6h5
9.Bc1g5 h6
10.Bg5h4 g5
11.Bh4g3 Nh5f4
12.b4 f5
13.Qd1c2 O-O
14.exf5 Ne7xf5
15.Ra1d1 Qd8f6
16.Nc3e4 Qf6e7
17.a4 Nf4xe2
18.Qc2xe2 Nf5d4
19.Qe2e3 Bc8f5
20.f3 Rf8f7
21.c5 Ra8d8
 { time }
0-1

[Event "Match"]
[Site "www.echecsemail.com"]
[Date "2015.02.10"]
[Round "1"]
[White "Shw"]
[Black "Spitzer"]
[WhiteElo "1729"]
[BlackElo "1580"]
[Result "0-1"]
[Round "1"]
1.e4 e5
2.Ng1f3 Nb8c6
3.Bf1b5 Bf8c5
4.O-O Ng8f6
5.Nf3xe5 Nc6xe5
6.d4 c6
7.dxe5 Nf6xe4
8.Bb5c4 Qd8e7
9.Qd1f3 d5
{ resign }
0-1

[Event "Match"]
[Site "www.echecsemail.com"]
[Date "2015.02.10"]
[Round "1"]
[White "Nugun"]
[Black "Germancho95"]
[WhiteElo "1529"]
[BlackElo "1520"]
[Result "0-1"]
[Round "1"]
1.e4 Nb8c6
2.d4 e6
3.e5 d5
4.Ng1f3 Bc8d7
5.g3 Bf8b4
6.c3 Bb4a5
7.Bf1h3 Ng8e7
8.Bc1g5 O-O
9.Nb1d2 f6
10.Bg5f4 Ne7g6
11.exf6 gxf6
12.Qd1c2 Nc6e7
13.O-O e5
14.Bf4e3 b6
15.g4 Bd7b5
16.c4 Bb5a6
17.g5 f5
18.dxe5 c5
19.b3 d4
20.Be3xd4 cxd4
21.Qc2b2 d3
22.b4 Ba5xb4
23.Qb2xb4 b5
24.cxb5 Ra8b8
25.Nf3d4 Qd8b6
26.Qb4b3 Kh8
27.Qb3xd3 Ba6xb5
28.Nd2c4 Ng6f4
29.Qd3f3 Qb6xd4
30.Ra1d1 Qd4xc4
31.Rd1d7 Bb5xd7
32.Qf3g3 Nf4e2
33.Kg2 Ne2xg3
34.hxg3 Bd7c6
35.f3 Qc4xa2
36.Rf1f2 Rb8b2
37.g4 Rb2xf2
38.Kg1 Rf2b2
39.Bh3f1 Rb2b1
40.e6 Bc6b5
41.gxf5 Rb1xf1

0-1

[Event "Match"]
[Site "www.echecsemail.com"]
[Date "2015.02.10"]
[Round "1"]
[White "Apdash"]
[Black "Guidom"]
[WhiteElo "2180"]
[BlackElo "2040"]
[Result "0-1"]
[Round "1"]
1.d4 d5
2.Ng1f3 c6
3.e3 Bc8f5
4.c4 e6
5.Nb1c3 Ng8f6
6.cxd5 exd5
7.Bf1e2 Bf8d6
8.Nf3e5 O-O
9.f4 Nb8d7
10.g4 Bf5e4
11.Be2f3 Bd6xe5
12.dxe5 Nf6xg4
13.Nc3xe4 Qd8h4
14.Kd2 dxe4
15.Bf3xg4 Nd7c5
16.Kc2 Rf8d8
17.Qd1e2 Qh4e7
18.Bc1d2 Nc5d3
19.Bd2c3 Qe7c5
20.Ra1d1 Qc5c4
21.Kb1 Rd8d5
22.e6 Rd5b5
23.Qe2c2 f5
24.Bg4e2 Qc4xe6
25.Be2xd3 exd3
26.Rd1xd3 c5
27.Rh1g1 g6
28.h4 c4
29.Rd3d4 Qe6xe3
30.Rg1d1 Ra8e8
31.Rd1e1 Qe3xe1
32.Bc3xe1 Re8xe1
33.Rd4d1 Re1xd1
34.Qc2xd1 a6
35.Qd1d8 Kg7
36.Qd8d4 Kh6
37.Qd4xc4 Kh5
38.b3 Kxh4
39.Qc4f7 Kg4
40.Qf7xh7 Rb5b6
41.Qh7c7 Rb6b5
42.Kb2 Rb5b4
43.a4 b6
44.Qc7d6 a5
45.Qd6xg6 Kxf4
 { time }
0-1